00420nam a22001452 4500001001100000005001700011008004100028040001500069100003500084245004700119250001300166260003700179300001700216650004100233000002433720151217161203.0130822s xx 000 0 eng d aKABUcKABU1 aTromp, Delno L. A.@000018434410aMarketing dictionary /cDelno L. A. Tromp. a1st ed. aNairobi :bBusiness Post,c2007. a313, [3] p. 0aMarketingvDictionaries.@0000151407